1626 1544 1794 1813 1021 1709 1268 1890 1606 1163 1740 1352 1030 1302 1479 1979 1642 1181 1483 1616 1199 1079 1190 1190 1612 1010 1281 1405 1530 1038 1469 1114 1539 1547 1288 1526 1488 1955 1574 1474 1499 1538 1848 1092 1650 1386 1147 1231 1796 1708 1941 1572 1839 1106 1672 1599 1066 1952 1079 1291 1175 1850 1178 1009 1858 1057 1952 1226 1155 1203 1915 1999 1940 1894 1995 1749 1864 1492 1679 1014 1218 1335 1701 1960 1895 1683 1966 1789 1631 1924 1869 1795 1271 1774 1788 1486 1861 1176 1383 BCNSPRNW ULIB Ver.6.0+V

เปลี่ยนเป็นภาษาไทย

Change to English
 แสดงรายละเอียดบรรณานุกรม
  กลับหน้าหลัก

Brief Record : Get Marc (ISO 2709) : E-mail record : QR code < ปิดหน้าต่าง
LEADER : 00000nam 2200000uu 4500
001    13399110727
003     ULIB
008    110608s2550||||th 000 0 tha d
020    9789744140296
050  4 JF1358.T5^bว689ก 2550
100 0  วิรัช วิรัชนิภาวรรณ
245 10 การบริหารจัดการและการบริหารการพัฒนาของหน่วยงานของรัฐ /^cวิรัช วิรัชนิภาวรรณ
250    พิมพ์ครั้งที่ 1
260    กรุงเทพฯ :^bเอ็กซเปอร์เน็ท,^c2550
300    321 หน้า :^bภาพประกอบ ;^c21 ซม.
650  7 การจัดการองค์การ
650  7 การบริหารการพัฒนา^zไทย
650  7 การบริหารรัฐกิจ^zไทย
650  7 รัฐประศาสนศาสตร์
945    ^p260^l0^i18246
995    กัณชพร
999    ^aใช้งานได้ทุกระบบ
รายการนี้ยังไม่มีแท็ก
คุณยังไม่ได้ล็อกอิน คุณสามารถมีกิจกรรมร่วมกับเว็บไซต์ได้ แต่ต้องล็อกอินก่อน ::
  ล็อกอิน

รายการสื่อสารสนเทศ

ลำดับที่ ประเภท เลขเรียก/บาร์โค้ด สถานที่ สถานะ
- ไม่พบข้อมูล -

รายการใกล้เคียง
    ผู้แต่ง [วิรัช วิรัชนิภาวรรณ]

    หัวเรื่อง [การจัดการองค์การ]
    หัวเรื่อง [รัฐประศาสนศาสตร์]

BibComment


ยังไม่เคยถูกคอมเมนท์

คอมเมนท์ทรัพยากรรายการนี้
  คอมเมนท์: การบริหารจัดการแล..


 Copyright 2026. Bcnsprnw @Library